Don Juan de Austria : (Record no. 63174)

MARC details
000 -LEADER
campo de control de longitud fija 00711nam a2200229 i 4500
001 - NÚMERO DE CONTROL
campo de control 63174
003 - IDENTIFICADOR DE NÚMERO DE CONTROL
campo de control ES-MaACL
005 - FECHA Y HORA DE LA ÚLTIMA TRANSACCIÓN
campo de control 20230906164812.0
007 - CAMPO FIJO DE DESCRIPCIÓN FÍSICA--INFORMACIÓN GENERAL
campo de control de longitud fija t|
008 - DATOS DE LONGITUD FIJA--INFORMACIÓN GENERAL
campo de control de longitud fija 031201s1939 sp ||||1| spa d
080 ## - NÚMERO DE LA CLASIFICACIÓN DECIMAL UNIVERSAL
Número de la Clasificación Decimal Universal 929 Austria, Juan de
100 1# - ENTRADA PRINCIPAL--NOMBRE DE PERSONA
Nombre de persona Ferrandis Torres, Manuel.
9 (RLIN) 50268
245 10 - MENCIÓN DEL TÍTULO
Título Don Juan de Austria :
Resto del título paladín de la cristiandad /
Mención de responsabilidad, etc. por Manuel Ferrandis Torres.
260 ## - PUBLICACIÓN, DISTRIBUCIÓN, ETC.
Lugar de publicación, distribución, etc. Zaragoza :
Nombre del editor, distribuidor, etc. Luz,
Fecha de publicación, distribución, etc. 1939 (
Fabricante El Adelantado de Segovia)
300 ## - DESCRIPCIÓN FÍSICA
Extensión 296 p. ;
Dimensiones 20 cm.
490 1# - MENCIÓN DE SERIE
Mención de serie La España imperial
600 14 - PUNTO DE ACCESO ADICIONAL DE MATERIA--NOMBRE DE PERSONA
Nombre de persona Austria, Juan de (
Fechas asociadas al nombre 1545-1578)
9 (RLIN) 151484
830 1# - PUNTO DE ACCESO ADICIONAL DE SERIE-TÍTULO UNIFORME
Título uniforme La España imperial
9 (RLIN) 183799
852 ## - LOCALIZACIÓN
Ubicación ES-MaACL
Número de control de estantería A-4904
852 ## - LOCALIZACIÓN
Ubicación ES-MaACL
Número de control de estantería A-5337
Holdings
Estatus retirado Estado de pérdida Estado de daño No para préstamo Biblioteca de origen Biblioteca actual Ubicación en estantería Fecha de adquisición Fuente de adquisición Total de préstamos Signatura topográfica completa Código de barras Visto por última vez Precio de reemplazo Tipo de ítem Koha
        Biblioteca del Ateneo de Madrid Biblioteca del Ateneo de Madrid Sala Pecera Planta 1 17/01/2008     A-5337 1066223 23/02/2023 23/02/2023 Libro impreso
        Biblioteca del Ateneo de Madrid Biblioteca del Ateneo de Madrid Sala Pecera Planta 1 17/01/2008     A-4904 1066222 23/02/2023 23/02/2023 Libro impreso